00552nam a2200217 a 4500001001300000003000900013005001700022008004100039020001000080082001500090100002400105245002300129260003100152300000900183500003500192505001000227650002800237650002300265650002200288700002400310nice12345678IN_TiNIC20260116011613.0050524s1952 laha grp 000 0 urd  ac10000a297.8bMEH aMehr, Ghulam Rasool aSyed Ahmed Shaheed aLahorebKitab Manzilc1952 a479p aincludes index and biblioraphy2 aIndex aIslam-Movements-barelvi aSyed Ahmad Barelvi aIslam-Afghanistan1 aMehr, Ghulam Rasool